| 000 | 00743nam a2200205 a 4500 | ||
|---|---|---|---|
| 005 | 20250321063750.0 | ||
| 008 | 991125s1986 mx 000 0 spa u | ||
| 035 | _aUPN01000044471 | ||
| 049 | _aCG | ||
| 050 | 4 |
_aP91 _bP47 |
|
| 111 | 2 |
_aEncuentro CONEICC _n(1o : _d1982 : _cMéxico) |
|
| 245 | 1 | 0 |
_aPerspectivas sobre la investigación de la comunicación en México : _bprimer encuentro CONEICC, 1982 / _cSergio Caletti ... [et al.]. |
| 260 |
_aMéxico : _bUAM-Xochimilco : _c1986. |
||
| 300 | _a199 p. | ||
| 440 | 0 |
_aCuadernos del taller de investigación en comunicación masiva ; _v40 |
|
| 650 | 2 |
_aComunicación - _xInvestigación _92288 |
|
| 650 | 4 |
_aComunicación _zMéxico _910840 |
|
| 700 | 1 |
_aCaletti, Sergio, _ecoaut. |
|
| 905 | _aLibro | ||
| 999 |
_c44471 _d44471 |
||